Estadísticas para Las islas más grandes del Ártico con un Mapa

Haz click aquí para intentar la prueba.

Estadísticas generales

  • Esta prueba ha sido intentada 72 veces
  • La puntuación promedio es 5 de 24

Respuestas en el mapa

Las respuestas están codificadas por una escala verde-roja en el mapa de la prueba según el % correcto abajo.
 

Estadísticas de respuestas

isla% Correcto
Groenlandia
98%
Islandia
91%
Baffin
68%
Victoria
34%
Ellesmere
27%
Banks
20%
Devon
16%
Melville
14%
Spitsbergen
14%
Axel Heiberg
9%
Bylot
9%
Séverny
9%
Southampton
9%
Bathurst
7%
Bolchevique
7%
Ellef Ringnes
7%
Príncipe de Gales
7%
Rey Guillermo
7%
Somerset
7%
Yuzhny
7%
Príncipe Patrick
5%
Revolución de Octubre
5%
Kotelny
2%
Tierra del Nordeste
2%

Distribución de puntuación

Porcentaje por número respondido

Porcentaje de gente con cada puntuación

Historial de tus puntuaciones

No has intentado esta prueba.